Substitution, risk aversion, and the temporal behavior of consumption and asset returns: an empirical analysis.

Skúmanie časových periód rôzneho zamerania spotreby. Hranice spotreby. Obava z rizika, spôsobu a rýchlosti návratnosti finančných prostriedkov v závislosti na efektívnosti spotreby. Spotrebiteľ a jeho spotrebiteľská orientácia. Ekonomická úvaha o základnej, úplnej a obmedzenej spotrebe.

Salvato in:
Dettagli Bibliografici
Autore principale: Epstein, L.G
Altri autori: Zin, S.E
Natura: Capitolo di libro
Lingua:inglese
Soggetti:
Tags: Aggiungi Tag
Nessun Tag, puoi essere il primo ad aggiungerne!!

MARC

LEADER 00000naa a2200000 4500
001 r009428
005 20221213084300.3
041 0 |a eng 
044 |a US 
245 1 0 |a Substitution, risk aversion, and the temporal behavior of consumption and asset returns: an empirical analysis.  |c L.G. Epstein, S.E. Zin 
520 |a Skúmanie časových periód rôzneho zamerania spotreby. Hranice spotreby. Obava z rizika, spôsobu a rýchlosti návratnosti finančných prostriedkov v závislosti na efektívnosti spotreby. Spotrebiteľ a jeho spotrebiteľská orientácia. Ekonomická úvaha o základnej, úplnej a obmedzenej spotrebe. 
610 2 0 |a spotreba 
610 2 0 |a substitúcia 
610 2 0 |a riziko 
610 2 0 |a návratnosť prostriedkov obežných 
610 2 0 |a financie 
610 2 0 |a efektívnosť 
610 2 0 |a spotrebitelia 
610 2 0 |a analýza ekonomická 
610 2 0 |a metódy ekonomicko-matematické 
610 2 0 |a údaje štatistické 
100 1 |a Epstein, L.G. 
700 1 |a Zin, S.E.